Chris Miller Filmography - Statistics

General Stats
  • This quiz has been taken 4 times
  • The average score is 3 of 24
Answer Stats
Hint Answer % Correct
2005 Madagascar
100%
2012 Madagascar 3: Europe's Most Wanted
67%
2008 Madagascar: Escape 2 Africa
67%
2014 The Penguins of Madagascar
67%
1997 Antz
0%
2002 Big City Blues
0%
1992 Cool World
0%
2009 Monsters V.S. Aliens
0%
2011 Puss in Boots
0%
2022 Puss in Boots: The Last Wish
0%
2021 September 21, 2021
0%
2004 Shark Tale
0%
2001 Shrek
0%
2004 Shrek 2
0%
2010 Shrek Forever After
0%
2018 Shrek Retold
0%
2007 Shrek the Third
0%
2003 Sinbad: Legend of the Seven Seas
0%
2019 The Addams Family
0%
2017 The Boss Baby
0%
1988 The Cellar
0%
2017 The First Epic Captain Underpants Movie
0%
2013 Turbo
0%
TBD Untitled Wish Project
0%
No matching quizzes found
Score Distribution
Percent of People with Each Score
Percentile by Number Answered
Your Score History
You have not taken this quiz